00582nam a22001817a 450000500170000001000150001702000270003203500140005903700130007308200100008610000160009624500960011226000390020827000470024730000310029450000500032570000250037520170331162131.0 aENG-117682 a9788184845594c1680.00 aEN-101214 bDABD/PUB a658.3 aSharma,K.C. aHuman resource management and professional etics /cby K.C.Sharma [and] Kiyanoush Ghalavand aNew DelhibRegal Publicationc2016 aF-159, Rajouri Garden, bNew Delhie110027 axvii,388p :c22cm(Hb)bill aIncludes bibliographical references and index a Ghalavand,Kiyanoush